000 00217nam a2200085Ia 4500
008 170620s9999 xx 000 0 und d
100 _aMONIR-M.
245 0 _aTEXT BOOK ON THE LAW OF EVIDENCE
260 _b"NEW DELHI
260 _c UNIVERSAL LAW PUB."
999 _c29582
_d29582